Pokémon commençant par la lettre P (français) - Statistiques

Statistiques générales
  • Ce quiz a été pris 517 fois
    200 depuis la dernière actualisation
  • Le résultat moyen est 51 sur 79
Statistiques - réponses
Numéro Pokémon % Correct
012 Papilusion
93%
025 Pikachu
92%
172 Pichu
87%
046 Paras
85%
047 Parasect
85%
142 Ptéra
83%
136 Pyroli
83%
269 Papinox
82%
021 Piafabec
82%
637 Pyrax
81%
666 Prismillon
80%
636 Pyronille
80%
417 Pachirisu
78%
414 Papilord
77%
060 Ptitard
77%
484 Palkia
76%
395 Pingoléon
75%
394 Prinplouf
75%
118 Poissirène
73%
077 Ponyta
73%
137 Porygon
73%
233 Porygon2
73%
119 Poissoroy
72%
474 Porygon-Z
72%
255 Poussifeu
72%
675 Pandarbare
71%
181 Pharamp
71%
921 Pohm
71%
054 Psykokwak
71%
674 Pandespiègle
70%
053 Persian
69%
441 Pijako
69%
923 Pohmarmotte
69%
440 Ptiravi
69%
287 Parecool
67%
470 Phyllali
67%
922 Pohmotte
67%
311 Posipi
66%
1011 Pomdramour
63%
665 Pérégrain
62%
852 Poulpaf
62%
231 Phanpy
61%
855 Polthégeist
61%
815 Pyrobut
61%
614 Polagriffe
60%
613 Polarhume
60%
841 Pomdrapi
60%
507 Ponchien
60%
506 Ponchiot
60%
677 Psystigri
60%
914 Palmaval
59%
731 Picassaut
59%
732 Piclairon
58%
204 Pomdepik
58%
661 Passerouge
57%
274 Pifeuil
57%
906 Poussacha
57%
696 Ptyranidur
57%
902 Paragruel
56%
364 Phogleur
56%
519 Poichigeon
56%
573 Pashmilla
55%
1025 Pêchaminus
53%
489 Phione
53%
1018 Pondralugon
53%
879 Pachyradjah
52%
992 Paume-de-Fer
51%
741 Plumeline
51%
865 Palarticho
50%
353 Polichombr
49%
710 Pitrouille
48%
1019 Pomdorochi
48%
951 Pimito
47%
748 Prédastérie
47%
926 Pâtachiot
43%
806 Pierroteknik
42%
1012 Poltchageist
41%
974 Piétacé
32%
989 Pelage-Sablé
27%
Aucun quiz correspondant
Distribution des résultats
% des personnes avec chaque résultat
Percentile par nombre de réponses
Votre historique - résultats
Vous n’avez pas pris ce quiz depuis la dernière actualisation